| 000 | 01276cam a2200325 a 4500 | ||
|---|---|---|---|
| 001 | 1182 | ||
| 005 | 20231124101439.0 | ||
| 020 | _a9780545034319 | ||
| 040 |
_aBTCTA _cBTCTA _dOCP _dGO3 _dNBO _dUPZ _dIUI _dDLC _beng |
||
| 050 | 0 | 0 |
_aPZ7.A1587 _bRed 2009 |
| 082 | 0 | 0 |
_a813.6 _222 |
| 100 | 1 |
_aAbbott, Tony _d1952- |
|
| 245 | 1 | 4 |
_aThe red house / _cThe Haunting of Dereck Stone ; Tony Abbott |
| 250 | _aFirst printing, June 2009 | ||
| 260 |
_aNew York : _bScholastic, _c2009 |
||
| 300 |
_a118 pages : _c20 cm _bIllustrations ; |
||
| 490 | 1 |
_aThe haunting of Derek Stone ; _vBook 3 |
|
| 500 | _a"Apple paperbacks." | ||
| 500 | _a"Apple series"--P. [4] of cover. | ||
| 505 | _aN | ||
| 520 | _aThe Legion is back in full force and they're heading for Amaranthia, the mysterious, long-abandoned house on the Red River which holds a clue that could completely change the war between the living and the dead. Derek doesn't even know what he's looking for, but he knows he has to find it first. | ||
| 521 | 0 |
_a570
_bLexile |
|
| 521 | 1 |
_aN
_bRaz-Plus |
|
| 650 | 0 | _aParanormal fiction. | |
| 650 | 1 |
_aSupernatural _vFiction. |
|
| 650 | 1 |
_aDead _vFiction. |
|
| 655 | 7 |
_aGhost stories. _2gsafd |
|
| 906 |
_a7 _bcbc _ccopycat _d2 _encip _f20 _gy-gencatlg |
||
| 942 |
_2ddc _cBK _n0 |
||
| 999 |
_c1182 _d1182 |
||